000 01087nam a22002537a 4500
005 20101120112842.0
008 101120t xxu||||| |||| 00| 0 mar d
010 _aMAR-20371
020 _c135.00
035 _aMR-13029
037 _bDBAD / PUB
040 _aDPL
_bMR
082 _a891.463
100 _aवळसंगकर,व्यं ना
_924393
245 _aअर्धनारी /
_cव्यं ना वळसंगकर
246 _aArdhanari
_bby V N Valsangkar
260 _aऔरंगाबाद
_bरजत प्रकाशन
_c2009
270 _a118,मैथिली टॉवर्स,वीर सावरकर चौक
_bऔरंगाबाद
300 _a136पृ
_b21 सेमी (अजिल्द)
650 _aमराठी कादंबरी
_924396
650 _aMarathi Fiction
_924397
942 _2ddc
_cMR
_mवळसं
_h891.463
999 _c48651
_d48651